00324nam a2200121Ia 4500008004100000041000800041082001700049100001800066245003300084260004300117300002900160365001300189240624s9999 xx 000 0 und d aeng a658.4092 LEV aLEVICKI CYRIL aDEVELOPING LEADERSHIP GENIUS c2008aNew DelhibMcGraw-Hill Education axiii, : 300p. : cm. ; 23 cRSb31.5